LEADER 01408nam a2200301 i 4500 001 000000167773 003 CaOOAMICUS 005 20250912155951.0 008 071207s1965 it u000 u ita u 013 $a145172 040 $aSeMil$bita 100 1 $aBond, Harold L.$0(OLS)http://semarc/name/63053 240 10$aReturn to Cassino. A Memoir of the Fight for Rome.$0(OLS)http://semarc/title/240045 245 10$aInferno a Cassino :$bla battaglia per Roma /$cHarold L. Bond ; [Traduzione di Renato Prinzhofer ]. 250 $a3. ed. 260 $aS.l. :$bU. Mursia & C.,$c1965. 300 $a271 p., [24] p. di tav., [4] c. Geografiche :$bill. ;$c22 cm. 490 0 $aTestimonianze fra cronaca e storia ;$v8 650 4$aCassino - Abbazia di Montecassino - Guerra mondiale <1939-1945>.$0(OLS)http://semarc/subject/58502 650 4$aCassino - Storia.$0(OLS)http://semarc/subject/58504 700 1 $aPrinzhofer, Renato.$0(OLS)http://semarc/name/55172 830 0$aTestimonianze fra cronaca e storia [Mursia] ;$v8.$0(OLS)http://semarc/title/17659 850 $aSeMil 852 $aSeMil$W1$xVenegono$y1$m3V II 16$j118909$B118909$CSeMilBibl$Z2$F130713 $81 961 $aOmaggio: Braschi don Francesco 996 $6245$aInferno a Cassino :$bla battaglia per Roma$9(OLS)http://semarc/title/240044 996 $6260$aS.l. :$bU. Mursia & C.$9(OLS)http://semarc/publisher/47345 LEADER 01231nam a2200229 i 4500 001 000000071912 003 CaOOAMICUS 005 20090129000000.0 008 090129s1951 it u000 u lat u 013 $a43084 040 $aSeMil$bita 245 10$aScholastica ratione historico-critica instauranda :$bacta Congressus scholastici Internationalis, Romae anno Sancto 1950 celebrati. 260 $aRomae :$bPontificium Athenaeum Antonianum,$c1951. 300 $aXXIII, 668 p., [4] c. di tav. :$bfot. ;$c24 cm. 490 0 $aBibliotheca Pontificii athenaei Antoniani ;$v7 650 4$aScolastica - Atti di congressi.$0(OLS)http://semarc/subject/14459 700 1 $aCongressus scholasticus internationalis <1. 1950 ; Romae>.$0(OLS)http://semarc/name/35672 830 0$aBibliotheca Pontificii athenaei Antoniani ;$v7.$0(OLS)http://semarc/title/11862 850 $aSeMil 852 $aSeMil$W1$xVenegono$y1$m2P V 139$j38065$B38065$CSeMilBibl$Z2$F38068 $81 996 $6245$aScholastica ratione historico-critica instauranda :$bacta Congressus scholastici Internationalis, Romae anno Sancto 1950 celebrati$9(OLS)http://semarc/title/115793 996 $6260$aRomae :$bPontificium Athenaeum Antonianum$9(OLS)http://semarc/publisher/30296